Statystyki dla Państwa Świata według dwóch pierwszych liter - 30 sekund

Kliknij tutaj aby rozwiązać quiz!

Ogólne statystyki

  • Ten quiz został rozwiązany 485 razy
  • Średni wynik to 43 z 196

Odpowiedzi na mapie

Odpowiedzi skodowane kolorowo w zielono-czerwonej skali na mapie do tego quizu, zgodnie z poniższymi procentami.
 

Statystyki odpowiedzi

Kraj% Poprawnych
Polska
82%
Portugalia
82%
Kambodża
77%
Kamerun
77%
Kanada
77%
Katar
77%
Kazachstan
77%
Stany Zjednoczone
73%
Rosja
66%
Chile
61%
Chiny
61%
Chorwacja
61%
Holandia
56%
Niemcy
52%
Niger
52%
Nigeria
52%
Nikaragua
52%
Brazylia
51%
Brunei
51%
Arabia Saudyjska
46%
Argentyna
46%
Armenia
46%
Korea Południowa
45%
Meksyk
41%
Kolumbia
37%
Komory
37%
Kongo
37%
Korea Północna
37%
Kosowo
37%
Kostaryka
37%
Australia
36%
Austria
36%
Dania
34%
Francja
32%
Norwegia
31%
Nowa Zelandia
31%
Albania
30%
Algieria
30%
Macedonia Północna
30%
Madagaskar
30%
Malawi
30%
Malediwy
30%
Malezja
30%
Mali
30%
Malta
30%
Maroko
30%
Mauretania
30%
Mauritius
30%
Mołdawia
30%
Monako
30%
Mongolia
30%
Mozambik
30%
Hiszpania
28%
Liban
28%
Liberia
28%
Libia
28%
Liechtenstein
28%
Litwa
28%
Pakistan
28%
Palau
28%
Panama
28%
Papua-Nowa Gwinea
28%
Paragwaj
28%
Szwajcaria
28%
Szwecja
28%
Indie
26%
Indonezja
26%
Republika
Południowej Afryki
26%
Eswatini
25%
Czad
23%
Czarnogóra
23%
Czechy
23%
Andora
21%
Angola
21%
Antigua i Barbuda
21%
Fidżi
21%
Filipiny
21%
Finlandia
21%
Republika Zielonego
Przylądka
21%
Irak
20%
Iran
20%
Irlandia
20%
Jamajka
20%
Japonia
20%
Ukraina
20%
Wielka Brytania
20%
Belgia
19%
Belize
19%
Benin
19%
Tunezja
19%
Turcja
19%
Turkmenistan
19%
Tuvalu
19%
Mjanma
18%
Republika
Środkowoafrykańska
18%
Saint Kitts i Nevis
18%
Saint Lucia
18%
Saint Vincent i
Grenadyny
18%
Salwador
18%
Samoa
18%
San Marino
18%
Wietnam
18%
Białoruś
17%
Honduras
17%
Peru
17%
Sudan
16%
Sudan Południowy
16%
Surinam
16%
Węgry
16%
Wenezuela
16%
Bahamy
15%
Bahrajn
15%
Bangladesz
15%
Barbados
15%
Islandia
15%
Łotwa
15%
Boliwia
14%
Bośnia i Hercegowina
14%
Botswana
14%
Demokratyczna
Republika Konga
13%
Rumunia
13%
Dominika
12%
Dominikana
12%
Egipt
12%
Kuba
12%
Kuwejt
12%
Urugwaj
12%
Estonia
11%
Grecja
11%
Grenada
11%
Gruzja
11%
Namibia
11%
Nauru
11%
Afganistan
10%
Gwatemala
10%
Gwinea
10%
Gwinea Bissau
10%
Gwinea Równikowa
10%
Oman
10%
Haiti
9%
Tadżykistan
9%
Tajlandia
9%
Tajwan
9%
Tanzania
9%
Bułgaria
8%
Burkina Faso
8%
Burundi
8%
Ekwador
8%
Erytrea
8%
Kenia
8%
Kirgistan
8%
Kiribati
8%
Mikronezja
8%
Senegal
8%
Serbia
8%
Seszele
8%
Watykan
8%
Włochy
8%
Gujana
7%
Luksemburg
7%
Rwanda
7%
Słowacja
7%
Słowenia
7%
Wybrzeże Kości
Słoniowej
7%
Zambia
7%
Etiopia
6%
Laos
6%
Somalia
6%
Togo
6%
Tonga
6%
Uganda
6%
Wyspy Marshalla
6%
Wyspy Salomona
6%
Wyspy Świętego
Tomasza i Książeca
6%
Azerbejdżan
5%
Gabon
5%
Gambia
5%
Jemen
5%
Lesotho
5%
Zimbabwe
5%
Zjednoczone Emiraty
Arabskie
5%
Ghana
4%
Nepal
4%
Sierra Leone
4%
Singapur
4%
Uzbekistan
4%
Bhutan
3%
Izrael
3%
Sri Lanka
3%
Syria
3%
Dżibuti
2%
Jordania
2%
Timor Wschodni
2%
Trynidad i Tobago
2%
Vanuatu
2%
Cypr
1%

Rozkład punktacji

Percentyl według liczby udzielonych odpowiedzi

Procent ludzi z każdym wynikiem

Twoja historia wyników

Nie rozwiązałeś tego quizu